| 000 | 01350cad a22002175a 4500 | ||
|---|---|---|---|
| 001 | L153006 | ||
| 008 | 110523e20110223xxk 000 0 eng d | ||
| 035 | _a(Sirsi) u153006 | ||
| 041 | 0 | _aeng | |
| 245 | 0 | 0 | _aPerriam Ltd v Mr Nicholas Wayne and Mr Martin Daly |
| 260 | _c2011 | ||
| 520 | _a[2011] EWHC 403 (TCC), 23 February 2011. Determines whether the guarantors of a poorly drafted lease had a substantial liability for the repair of windows. Claimant (P), the owner of a converted mill in Leeds sought claims for dilapidations in respect of repairing windows against the defendant guarantors (W and P) of an expired lease in that property . W and P contested their liability. "Held": High Court found for the defendants. The deed of variation entered into by the defendants with effect from 17 November 2007 had the intention to protect the defendants from the repairs. | ||
| 590 | _aKA | ||
| 650 | 2 | 4 | _aPERRIAM LTD V WAYNE AND ANOR |
| 650 | 2 | 4 | _aINVESTORS COMPENSATION SCHEME LTD V WEST BROMWICH BUILDING SOCIETY |
| 650 | 2 | 4 | _aCHARTBROOK LTD AND ANOR V PERSIMMON HOMES LTD AND ANOTHER |
| 651 | 4 |
_aEngland and Wales _y1543- |
|
| 690 | _aPROPERTY-LEASEHOLD PROPERTY-LANDLORD AND TENANT-DILAPIDATIONS | ||
| 856 | 4 | 0 | _uhttps://www.bailii.org/ew/cases/EWHC/TCC/2011/403.htmlzView the law report free of charge at www.bailii.org |
| 942 | _n0 | ||
| 999 |
_c83160 _d83160 |
||